| 000 | 00327nam a2200133Ia 4500 | ||
|---|---|---|---|
| 005 | 20260328104255.0 | ||
| 008 | 260328s9999||||xx |||||||||||||| ||und|| | ||
| 100 | _aBrugmans, George | ||
| 245 | 0 |
_aIABR-2014 Urban By Nature / _cGeorge Brugmans |
|
| 260 | _bIABR | ||
| 300 | _a264 p. | ||
| 650 | _aDISEÑO URBANO | ||
| 942 | _cBK | ||
| 999 |
_c10411 _d10411 |
||